000 00664nam a2200217Ii 4500
003 JO-AjNU
008 230605s9999||||xx |||||||||||||| ||und||
017 _a2007/9/2834
040 _aJO-AjNU
_bara
_erda
_cJO-AjNU
041 _aara
050 1 4 _aPJ7932.U735.L35 2008
100 3 _aالحوراني، خالد كرستي,
_eauthor
_949168
245 0 0 _aليت البحر يغرق: رواية
250 _aط1
264 3 1 _aإربد :دار الكندي، 2008
300 _a280ص
336 _atext
_btxt
_2rdacontent
337 _aunmediated
_bn
_2rdamedia
338 _avolume
_bnc
_2rdacarrier
650 4 _aالأدب العربي - روايات
_949169
999 _aA21579
_c25147
_d25147